| 000 | 008150000a22001090004500 | ||
|---|---|---|---|
| 773 | 0 | _tEl eafitense | |
| 245 | 1 | 0 | _aExitoso proyecto de sustitución de importaciones, fortalece la relación Universidad-Empresa Exitoso proyecto de sustitución de importaciones, fortalece larelación Universidad-Empresa Exitoso proyecto de sustitución de importaciones, fortalece la relación Universidad-Empresa Exitoso proyecto de sustitución de importaciones, fortalece la relación Universidad-Empresa Exitoso proyecto de sustitución de importaciones, fortalece la relación Universidad-Empresa Exitoso proyecto de sustitución de importaciones, fortalece la relación Universidad-Empresa |
| 300 | _aVol.0, núm.90 (2006), Páginas 10-11 | ||
| 500 | _aInvestigación | ||
| 650 | 1 | 4 | _aINGENIERÍA DE PRODUCCIÓN |
| 942 | _cANA | ||
| 999 |
_c62819 _d62819 |
||